[Event "Cesenatico op 15th"]
[Site "Cesenatico"]
[Date "2011.09.03"]
[Round "1"]
[White "MacDonald, Christopher"]
[Black "Galdunts, Sergey"]
[Result "0-1"]
[WhiteElo "2144"]
[BlackElo "2462"]
[PlyCount "68"]
[EventDate "2011.09.03"]
[EventType "swiss"]
[EventRounds "9"]
[EventCountry "ITA"]
[SourceTitle "CBM 144 Extra"]
[Source "ChessBase"]
[SourceDate "2011.10.28"]
[SourceVersion "1"]
[SourceVersionDate "2011.10.28"]
[SourceQuality "1"]

1. c4 e6 2. Nf3 d5 3. b3 Be7 4. Bb2 Bf6 5. Ne5 Nd7 6. d4 Ne7 7. Ng4 Bh4 8. g3 h5 9. gxh4 hxg4 10. e4 dxe4 11. Qxg4 Nf6 12. Qg5 Nf5 13. Na3 Rxh4 14. 0-0-0 e3 15. f3 Bd7 16. Bd3 Nh5 17. Qg1 Nf4 18. Nc2 Nh3 19. Qe1 Nf2 20. Bxf5 Nxd1 21. Kxd1 exf5 22. Ba3 f4 23. Qb4 Be6 24. Kc1 a5 25. Qxb7 f6 26. Rg1 Kf7 27. Qe4 g5 28. d5 Bd7 29. Nd4 Ra6 30. Ne2 Qe8 31. Qd3 Qe5 32. Bb2 Qf5 33. Qd1 Rxh2 34. Nc3 Rd2 0-1

[Event "Grangemouth Premier"]
[Site "Grangemouth"]
[Date "2009.09.05"]
[Round "3"]
[White "MacDonald, Christopher"]
[Black "Spencer, Edwin A"]
[Result "0-1"]
[WhiteElo "2128"]
[BlackElo "2155"]
[PlyCount "64"]
[EventDate "2009.09.04"]
[EventType "swiss"]
[EventRounds "5"]
[EventCountry "SCO"]
[SourceTitle "EXT 2023"]
[Source "ChessBase"]
[SourceDate "2022.10.05"]
[SourceVersion "1"]
[SourceVersionDate "2022.10.05"]
[SourceQuality "1"]

1. c4 e5 2. g3 Nc6 3. Bg2 f5 4. Nc3 Nf6 5. e3 d5 6. Nxd5 Nxd5 7. cxd5 Nb4 8. Qb3 e4 9. f3 Nd3+ 10. Ke2 Bd6 11. fxe4 fxe4 12. Bxe4 Nc5 13. Qc2 0-0 14. Bxh7+ Kh8 15. d4 Qf6 16. Kd2 Na6 17. a3 Qf1 18. Qe4 Rf2+ 19. Kc3 Qb5 20. Bg6 Bg4 21. Qxg4 Bb4+ 22. axb4 Qxb4+ 23. Kd3 Nc5+ 24. dxc5 Qxg4 25. Be4 Re8 26. Bf3 Qb4 27. Ne2 Rxf3 28. Nc3 Qxc5 29. Ra4 b5 30. Rd4 b4 31. Ne4 Qb5+ 32. Kd2 Rxe4 0-1

[Event "SCO-ch 115th"]
[Site "Glasgow"]
[Date "2008.06.06"]
[Round "2"]
[White "MacDonald, Christopher"]
[Black "MacRae, James"]
[Result "1-0"]
[WhiteElo "2100"]
[BlackElo "1763"]
[PlyCount "81"]
[EventDate "2008.06.05"]
[EventType "swiss"]
[EventRounds "9"]
[EventCountry "SCO"]
[SourceTitle "EXT 2009"]
[Source "ChessBase"]
[SourceDate "2008.11.26"]
[SourceVersion "1"]
[SourceVersionDate "2008.11.26"]
[SourceQuality "1"]

1. c4 e5 2. g3 Nf6 3. Bg2 Be7 4. Nc3 d6 5. e4 c6 6. Nge2 Nbd7 7. 0-0 0-0 8. h3 Nb6 9. d3 d5 10. b3 dxe4 11. dxe4 Qxd1 12. Rxd1 Be6 13. Be3 Rfd8 14. f4 exf4 15. gxf4 Rxd1+ 16. Rxd1 Rd8 17. Rxd8+ Bxd8 18. Nd4 Bd7 19. Kh2 g6 20. Bf3 h5 21. Kg2 Nh7 22. Nce2 Nc8 23. Nc1 c5 24. Nde2 b6 25. Nc3 Ne7 26. Nd5 Nxd5 27. cxd5 Nf6 28. Nd3 Bc7 29. Bd2 Bc8 30. Nb2 b5 31. e5 Nd7 32. d6 Bb6 33. a4 a6 34. Bc6 bxa4 35. Nxa4 Ba7 36. Be3 Nb8 37. Bd5 Nd7 38. b4 Nb6 39. Nxb6 Bxb6 40. bxc5 Bd8 41. c6 1-0

[Event "SCO-ch 115th"]
[Site "Glasgow"]
[Date "2008.06.05"]
[Round "1"]
[White "Brunello, Sabino"]
[Black "MacDonald, Christopher"]
[Result "1-0"]
[WhiteElo "2475"]
[BlackElo "2100"]
[PlyCount "75"]
[EventDate "2008.06.05"]
[EventType "swiss"]
[EventRounds "9"]
[EventCountry "SCO"]
[SourceTitle "EXT 2009"]
[Source "ChessBase"]
[SourceDate "2008.11.26"]
[SourceVersion "1"]
[SourceVersionDate "2008.11.26"]
[SourceQuality "1"]

1. d4 Nf6 2. c4 c5 3. d5 b5 4. cxb5 a6 5. bxa6 g6 6. g3 d6 7. Nc3 Bxa6 8. Bg2 Bg7 9. Nf3 Nbd7 10. 0-0 Nb6 11. Rb1 Bc4 12. Nd2 Bxa2 13. Nxa2 Rxa2 14. Qb3 Ra4 15. Qb5+ Nfd7 16. b4 Rxb4 17. Rxb4 cxb4 18. Nb3 0-0 19. Na5 Nc5 20. Nc6 Qc7 21. Qxb4 Nba4 22. Bd2 Re8 23. Bf3 Qb6 24. Qh4 Bf6 25. Bg5 Bxg5 26. Qxg5 Qc7 27. Rc1 Kg7 28. Rc4 f6 29. Qe3 Kf7 30. Qh6 Rh8 31. Bg4 Qb6 32. Qe3 Re8 33. Qh6 Rh8 34. Rb4 Qc7 35. Rxa4 Nxa4 36. Be6+ Ke8 37. Qg7 Rf8 38. Qxh7 1-0

[Event "Genrothes op"]
[Site "Glenrothes"]
[Date "2006.03.03"]
[Round "?"]
[White "Kynoch, Richard"]
[Black "MacDonald, Christopher"]
[Result "0-1"]
[WhiteElo "1918"]
[BlackElo "2055"]
[PlyCount "47"]
[EventDate "2006.03.??"]
[EventType "swiss"]
[EventRounds "5"]
[EventCountry "SCO"]
[SourceTitle "EXT 2023"]
[Source "ChessBase"]
[SourceDate "2022.10.05"]
[SourceVersion "1"]
[SourceVersionDate "2022.10.05"]
[SourceQuality "1"]

1. e4 e5 2. Nc3 Nf6 3. g3 d5 4. exd5 Nxd5 5. Bg2 Nxc3 6. bxc3 Nc6 7. Nf3 Bd6 8. 0-0 0-0 9. d4 Bg4 10. Qd3 Qf6 11. Ng5 Bf5 12. Qb5 Rab8 13. Rb1 a6 14. Qb2 Na5 15. Ne4 Qg6 16. Re1 exd4 17. Nxd6 cxd6 18. Qb4 Bxc2 19. Rb2 Rbe8 20. cxd4 Nc6 21. Rxe8 Nxb4 22. Rxf8+ Kxf8 23. Rxb4 Qd3 24. Bf1 0-1

[Event "Grangemouth op"]
[Site "Grangemouth"]
[Date "2006.??.??"]
[Round "2"]
[White "MacDonald, Christopher"]
[Black "Grant, Alan"]
[Result "1/2-1/2"]
[WhiteElo "2055"]
[BlackElo "2154"]
[PlyCount "81"]
[EventDate "2006.??.??"]
[EventType "swiss"]
[EventRounds "5"]
[EventCountry "SCO"]
[SourceTitle "EXT 2008"]
[Source "ChessBase"]
[SourceDate "2007.11.25"]
[SourceVersion "1"]
[SourceVersionDate "2007.11.25"]
[SourceQuality "1"]

1. d4 Nf6 2. c4 g6 3. g3 Bg7 4. Bg2 0-0 5. Nf3 d6 6. 0-0 Nbd7 7. Nc3 e5 8. h3 c6 9. e4 Qa5 10. Re1 b5 11. dxe5 dxe5 12. Qd6 bxc4 13. Bg5 Rb8 14. Rab1 Qb4 15. Qxc6 Bb7 16. Qa4 Qxa4 17. Nxa4 Bxe4 18. Rbc1 Bc6 19. b3 Bxf3 20. Bxf3 cxb3 21. axb3 Rxb3 22. Bc6 e4 23. Red1 h6 24. Bf4 Nb8 25. Nc5 Rb6 26. Bxe4 Nxe4 27. Nxe4 Rc6 28. Rb1 Na6 29. Rb7 g5 30. Be3 f5 31. Rdd7 Rg6 32. Nd6 f4 33. Bxa7 fxg3 34. fxg3 Be5 35. Ne4 Rg7 36. Re7 Rxe7 37. Rxe7 Bg7 38. Rb7 Ra8 39. Bf2 Rb8 40. Rd7 Rb4 41. Ra7 1/2-1/2

[Event "SCO-ch"]
[Site "Oban"]
[Date "2005.07.07"]
[Round "6"]
[White "Burnett, Andrew"]
[Black "MacDonald, Christopher"]
[Result "1-0"]
[WhiteElo "2191"]
[BlackElo "2049"]
[PlyCount "65"]
[EventDate "2005.07.02"]
[EventType "swiss"]
[EventRounds "9"]
[EventCountry "SCO"]
[SourceTitle "CBM 107 Extra"]
[Source "ChessBase"]
[SourceDate "2005.09.01"]
[SourceVersion "1"]
[SourceVersionDate "2005.09.01"]
[SourceQuality "1"]

1. Nf3 Nf6 2. c4 e6 3. Nc3 b6 4. d4 Bb4 5. Bg5 h6 6. Bh4 g5 7. Bg3 Ne4 8. Qc2 Bb7 9. e3 c5 10. Bd3 Bxc3+ 11. bxc3 Nxg3 12. fxg3 g4 13. Nh4 Qg5 14. 0-0 Qxe3+ 15. Kh1 Qg5 16. Rae1 Nc6 17. Nf5 0-0 18. Nd6 Ba6 19. Ne4 Qd8 20. Nf6+ Kg7 21. d5 Na5 22. Qd2 Qxf6 23. Rxf6 Kxf6 24. Qf4+ Ke7 25. d6+ Kd8 26. Qxh6 Re8 27. Qf6+ Kc8 28. Qxf7 Rd8 29. Rxe6 Bxc4 30. Bxc4 Nxc4 31. Re8 Nxd6 32. Rxd8+ Kxd8 33. Qd5 1-0

[Event "SCO-ch 111th"]
[Site "Hamilton"]
[Date "2004.07.16"]
[Round "7"]
[White "Grant, Alan"]
[Black "MacDonald, Christopher"]
[Result "1-0"]
[WhiteElo "2193"]
[BlackElo "2018"]
[PlyCount "53"]
[EventDate "2004.07.10"]
[EventType "swiss"]
[EventRounds "9"]
[EventCountry "SCO"]
[SourceTitle "CBM 101 Extra"]
[Source "ChessBase"]
[SourceDate "2004.09.01"]
[SourceVersion "2"]
[SourceVersionDate "2004.09.01"]
[SourceQuality "1"]

1. g3 c5 2. Bg2 Nc6 3. e4 g6 4. f4 Bg7 5. d3 d6 6. Nf3 e5 7. 0-0 Nge7 8. c3 0-0 9. Na3 Be6 10. Nc2 exf4 11. gxf4 f5 12. Ng5 Bc8 13. Ne3 Na5 14. exf5 gxf5 15. Nd5 h6 16. Nxe7+ Qxe7 17. Bd5+ Kh8 18. Re1 Qf6 19. Qh5 Bd7 20. Bd2 Nc6 21. Re3 Rae8 22. Rae1 Rxe3 23. Rxe3 Nd8 24. c4 Nc6 25. Bxc6 Qxb2 26. Qg6 hxg5 27. Rh3+ 1-0

[Event "SCO-ch 111th"]
[Site "Hamilton"]
[Date "2004.07.12"]
[Round "3"]
[White "MacDonald, Christopher"]
[Black "Redpath, Joseph"]
[Result "1/2-1/2"]
[WhiteElo "2018"]
[BlackElo "2219"]
[PlyCount "97"]
[EventDate "2004.07.10"]
[EventType "swiss"]
[EventRounds "9"]
[EventCountry "SCO"]
[SourceTitle "CBM 101 Extra"]
[Source "ChessBase"]
[SourceDate "2004.09.01"]
[SourceVersion "2"]
[SourceVersionDate "2004.09.01"]
[SourceQuality "1"]

1. c4 b6 2. Nc3 Bb7 3. e4 c5 4. Nge2 Nc6 5. d3 g6 6. g3 Bg7 7. Bg2 e6 8. 0-0 Nge7 9. h3 0-0 10. Be3 h6 11. Qd2 Kh7 12. Rad1 Nd4 13. f4 d6 14. Bxd4 cxd4 15. Nb5 Nc6 16. f5 a6 17. Na3 g5 18. Rf2 Be5 19. Rdf1 f6 20. fxe6 Bc8 21. g4 Bxe6 22. Ra1 Kg7 23. Bf3 h5 24. Kg2 Qd7 25. Ng3 hxg4 26. hxg4 Bxg4 27. Nf5+ Bxf5 28. exf5 Bf4 29. Qd1 Rh8 30. Qa4 Rac8 31. Qxa6 Nb4 32. Qxb6 Nxd3 33. Re2 Be5 34. Rc2 Rb8 35. Qa5 Rh2+ 36. Kg1 Rxc2 37. Nxc2 Rxb2 38. Qa3 Qxf5 39. Qa7+ Kh6 40. Qa8 Bh2+ 41. Kxh2 Qf4+ 42. Kh1 Qh4+ 43. Kg1 Qf2+ 44. Kh1 Qh4+ 45. Kg1 Qg3+ 46. Bg2 Qf2+ 47. Kh1 Qh4+ 48. Kg1 Qf2+ 49. Kh1 1/2-1/2

[Event "West of Scotland-ch"]
[Site "Clarkston"]
[Date "2004.05.29"]
[Round "3"]
[White "Grant, Alan"]
[Black "MacDonald, Christopher"]
[Result "1/2-1/2"]
[WhiteElo "2234"]
[BlackElo "1982"]
[PlyCount "191"]
[EventDate "2004.05.28"]
[EventType "swiss"]
[EventRounds "5"]
[EventCountry "SCO"]
[SourceTitle "EXT 2006"]
[Source "ChessBase"]
[SourceDate "2005.11.24"]
[SourceVersion "1"]
[SourceVersionDate "2005.11.24"]
[SourceQuality "1"]

1. c4 e6 2. g3 d5 3. Bg2 Nf6 4. Nf3 c5 5. 0-0 Nc6 6. d3 d4 7. e3 dxe3 8. fxe3 g6 9. d4 cxd4 10. Nxd4 Nxd4 11. exd4 Bg7 12. d5 0-0 13. d6 Qb6+ 14. Kh1 Rd8 15. Nc3 Qxd6 16. Bg5 e5 17. Nd5 Bf5 18. Nxf6+ Bxf6 19. Qxd6 Rxd6 20. Bxf6 Rxf6 21. g4 Rd8 22. Bd5 Rxd5 23. cxd5 Be4+ 24. Kg1 Rxf1+ 25. Kxf1 Bxd5 26. g5 Kg7 27. Kf2 h6 28. Re1 e4 29. h4 hxg5 30. hxg5 f6 31. Ke3 fxg5 32. Rg1 Kf6 33. Rf1+ Ke5 34. b3 a5 35. Rf8 g4 36. Rf4 g3 37. Rg4 Kf5 38. Rxg3 a4 39. bxa4 Bxa2 40. a5 Bd5 41. Rg1 Bc4 42. Rc1 Ba6 43. Rc5+ Ke6 44. Kxe4 Kd6 45. Rg5 Kc6 46. Kd4 Be2 47. Rxg6+ Kb5 48. Rb6+ Kxa5 49. Rxb7 Ka6 50. Rb2 Bh5 51. Kc5 Bf3 52. Rb6+ Ka7 53. Rb3 Bh5 54. Rb4 Bf3 55. Rf4 Bg2 56. Kb5 Kb7 57. Rf7+ Kc8 58. Kc5 Be4 59. Kd6 Bg2 60. Rc7+ Kb8 61. Rg7 Bf3 62. Rg3 Be4 63. Rb3+ Kc8 64. Rb4 Bf3 65. Rc4+ Kb8 66. Kd7 Kb7 67. Rb4+ Ka7 68. Rf4 Bg2 69. Rf6 Kb7 70. Rh6 Bf3 71. Rh4 Ka6 72. Rf4 Bg2 73. Rf2 Be4 74. Rb2 Bf3 75. Kd6 Be4 76. Kc5 Bf3 77. Rb8 Be4 78. Rb6+ Ka7 79. Kb5 Bd3+ 80. Ka5 Be4 81. Re6 Bf3 82. Re7+ Kb8 83. Re3 Bd5 84. Rc3 Kb7 85. Kb5 Be4 86. Re3 Bg2 87. Re7+ Kc8 88. Kc5 Bf3 89. Kd6 Bg2 90. Re2 Bf3 91. Rc2+ Kb8 92. Rb2+ Ka7 93. Kc7 Ka6 94. Rb3 Be4 95. Kd6 Bg2 96. Kc5 1/2-1/2

[Event "West of Scotland-ch"]
[Site "Clarkston"]
[Date "2004.05.29"]
[Round "2"]
[White "MacDonald, Christopher"]
[Black "Dawson, Alastair G"]
[Result "1-0"]
[WhiteElo "1982"]
[BlackElo "1919"]
[PlyCount "79"]
[EventDate "2004.05.28"]
[EventType "swiss"]
[EventRounds "5"]
[EventCountry "SCO"]
[SourceTitle "EXT 2006"]
[Source "ChessBase"]
[SourceDate "2005.11.24"]
[SourceVersion "1"]
[SourceVersionDate "2005.11.24"]
[SourceQuality "1"]

1. c4 e5 2. g3 f5 3. Bg2 Nf6 4. Nc3 Bb4 5. Nd5 Be7 6. e3 0-0 7. Ne2 d6 8. 0-0 c6 9. Nxe7+ Qxe7 10. b3 Bd7 11. Ba3 Be8 12. d4 e4 13. Qd2 g5 14. d5 c5 15. b4 b6 16. bxc5 bxc5 17. Rab1 Qd8 18. Rb7 Nbd7 19. Rb3 Nb6 20. Qc3 Bh5 21. Qc2 Ng4 22. Bb2 Nd7 23. h3 Nge5 24. Rb1 Qe8 25. Ra3 Bf3 26. Ra6 Rf6 27. Bxe5 Nxe5 28. Rb7 Qh5 29. Bf1 Rh6 30. Qb2 Bxe2 31. Rb8+ Rxb8 32. Qxb8+ Kg7 33. Rxa7+ Nf7 34. Qb2+ Kg6 35. Qb7 Kg7 36. Bxe2 g4 37. h4 Qg6 38. Bd1 Qf6 39. Kg2 Kg6 40. Ba4 1-0

[Event "West of Scotland-ch"]
[Site "Clarkston"]
[Date "2004.05.28"]
[Round "1"]
[White "Stokes, Ivan"]
[Black "MacDonald, Christopher"]
[Result "1/2-1/2"]
[WhiteElo "1506"]
[BlackElo "1982"]
[PlyCount "96"]
[EventDate "2004.05.28"]
[EventType "swiss"]
[EventRounds "5"]
[EventCountry "SCO"]
[SourceTitle "EXT 2006"]
[Source "ChessBase"]
[SourceDate "2005.11.24"]
[SourceVersion "1"]
[SourceVersionDate "2005.11.24"]
[SourceQuality "1"]

1. d4 d5 2. Nf3 c6 3. Bf4 e6 4. e3 f5 5. Ne5 Nf6 6. Bd3 Bd6 7. Nd2 0-0 8. 0-0 b6 9. c3 Bb7 10. Bg3 Qc7 11. f4 Nbd7 12. Ndf3 c5 13. Nxd7 Qxd7 14. Ne5 Qc7 15. Bh4 Ne4 16. Bxe4 fxe4 17. Qg4 Rf5 18. Qe2 cxd4 19. cxd4 Bxe5 20. Rac1 Qd7 21. fxe5 Rxf1+ 22. Kxf1 a5 23. Kg1 Ba6 24. Qg4 Rf8 25. h3 Rf5 26. Rc2 Bc4 27. b3 Bd3 28. Rf2 Rxf2 29. Bxf2 b5 30. a3 Qe7 31. Bh4 Qf7 32. Kh2 h6 33. Be1 a4 34. bxa4 bxa4 35. Bb4 Kh7 36. h4 Bf1 37. Kg1 Bd3 38. Kh2 Bb5 39. Bc5 Bd7 40. Bb4 Qf2 41. Qg3 Qf5 42. Bc5 Be8 43. Bb4 Bh5 44. Bc5 Bg4 45. Bb4 h5 46. Be7 Qf1 47. Bd6 Qe2 48. Bc5 Qf1 1/2-1/2

[Event "Glorney Cup"]
[Site "Rosice u Brna"]
[Date "2003.07.16"]
[Round "4"]
[White "MacDonald, Christopher"]
[Black "Struik, Tjapko"]
[Result "1-0"]
[WhiteElo "2030"]
[BlackElo "2189"]
[PlyCount "57"]
[EventDate "2003.07.14"]
[EventType "team"]
[EventRounds "5"]
[EventCountry "CZE"]
[SourceTitle "EXT 2006"]
[Source "ChessBase"]
[SourceDate "2005.11.24"]
[SourceVersion "1"]
[SourceVersionDate "2005.11.24"]
[SourceQuality "1"]
[WhiteTeam "Scotland"]
[BlackTeam "Netherlands"]
[WhiteTeamCountry "SCO"]
[BlackTeamCountry "NED"]

1. c4 Nf6 2. g3 c5 3. Bg2 d5 4. cxd5 Nxd5 5. Nc3 Nc7 6. Qa4+ Nd7 7. b3 Rb8 8. Nf3 b5 9. Qe4 Bb7 10. Qe3 f6 11. d4 cxd4 12. Qxd4 e5 13. Qg4 Qe7 14. 0-0 g6 15. Rd1 Nb6 16. Qh4 Qf7 17. Nxe5 fxe5 18. Bxb7 Qe6 19. Qe4 Bc5 20. Bc6+ Ke7 21. Nd5+ Nbxd5 22. Bxd5 Nxd5 23. Rxd5 Bd4 24. Bg5+ Kf7 25. Rd1 Qf5 26. R1xd4 Qxg5 27. Rxe5 Qc1+ 28. Kg2 Rhe8 29. Rd7+ 1-0

[Event "West of Scotland-ch"]
[Site "Clarkston"]
[Date "2003.05.25"]
[Round "5"]
[White "Doyle, Jim"]
[Black "MacDonald, Christopher"]
[Result "1-0"]
[WhiteElo "1995"]
[BlackElo "1870"]
[PlyCount "127"]
[EventDate "2003.05.??"]
[EventType "swiss"]
[EventRounds "5"]
[EventCountry "SCO"]
[SourceTitle "EXT 2006"]
[Source "ChessBase"]
[SourceDate "2005.11.24"]
[SourceVersion "1"]
[SourceVersionDate "2005.11.24"]
[SourceQuality "1"]

1. d4 d5 2. Nc3 Nf6 3. Bg5 Bf5 4. e3 Nbd7 5. Nf3 h6 6. Bh4 e6 7. Bd3 Bxd3 8. Qxd3 Be7 9. h3 a6 10. a4 Rc8 11. 0-0 0-0 12. g4 c5 13. Bg3 c4 14. Qe2 Bb4 15. Na2 Ba5 16. c3 Bc7 17. Bxc7 Qxc7 18. Nb4 Ne4 19. Nd2 Nxd2 20. Qxd2 f5 21. f4 Nf6 22. Qg2 Ne4 23. Nc2 Rf7 24. Ne1 Kh7 25. Nf3 g6 26. Ne5 Rg7 27. Kh1 Rh8 28. Rg1 Rhg8 29. a5 Qd8 30. g5 hxg5 31. fxg5 Kh8 32. Nf3 Rh7 33. h4 Qc7 34. Ra4 Kg7 35. Rb4 Rgh8 36. Qh2 Qxh2+ 37. Kxh2 Nd6 38. Rb6 Rd8 39. Kg3 Kf8 40. Rh1 Ne4+ 41. Kg2 Rd6 42. Rb4 Ke8 43. Ne5 Rg7 44. b3 cxb3 45. Rxb3 Nd2 46. Rb4 Ne4 47. c4 Kf8 48. c5 Rd8 49. Rb6 Re8 50. c6 bxc6 51. Rxc6 Rb8 52. Rhc1 Rb2+ 53. Kg1 Rgb7 54. Rb6 R7xb6 55. axb6 Ke8 56. Rc8+ Ke7 57. Rc7+ Kd8 58. Nc6+ Ke8 59. b7 Rb1+ 60. Kg2 Rb2+ 61. Kf1 Rb1+ 62. Ke2 Rb2+ 63. Kd1 Rd2+ 64. Kc1 1-0

[Event "West of Scotland-ch"]
[Site "Clarkston"]
[Date "2003.05.25"]
[Round "4"]
[White "MacDonald, Christopher"]
[Black "Grant, Alan"]
[Result "0-1"]
[WhiteElo "1870"]
[BlackElo "2175"]
[PlyCount "86"]
[EventDate "2003.05.??"]
[EventType "swiss"]
[EventRounds "5"]
[EventCountry "SCO"]
[SourceTitle "EXT 2006"]
[Source "ChessBase"]
[SourceDate "2005.11.24"]
[SourceVersion "1"]
[SourceVersionDate "2005.11.24"]
[SourceQuality "1"]

1. c4 e5 2. g3 Nf6 3. Bg2 c6 4. d4 exd4 5. Qxd4 Na6 6. Bg5 Be7 7. Nf3 0-0 8. Nc3 h6 9. Bf4 d5 10. cxd5 Nb4 11. Rc1 Nbxd5 12. Nxd5 Nxd5 13. 0-0 Be6 14. a3 Nxf4 15. Qxf4 Qb6 16. Qd4 Qb5 17. Qe4 Bf6 18. a4 Qb6 19. b4 Rad8 20. Rfd1 Rxd1+ 21. Rxd1 Rd8 22. Rxd8+ Qxd8 23. Qc2 Qb6 24. Qe4 Bc3 25. a5 Qxb4 26. Qxb4 Bxb4 27. a6 bxa6 28. Nd4 c5 29. Nxe6 fxe6 30. Be4 Kf7 31. Kg2 c4 32. Kf3 Ke7 33. Bc2 Kd6 34. Ke4 Bc3 35. f4 Kc5 36. f5 exf5+ 37. Kxf5 a5 38. e4 Kb4 39. e5 a4 40. e6 Bf6 41. Kg6 a3 42. Bb1 c3 43. Kf7 c2 0-1

[Event "West of Scotland-ch"]
[Site "Clarkston"]
[Date "2003.05.24"]
[Round "3"]
[White "Davis, Edward"]
[Black "MacDonald, Christopher"]
[Result "1/2-1/2"]
[WhiteElo "2200"]
[BlackElo "1870"]
[PlyCount "40"]
[EventDate "2003.05.??"]
[EventType "swiss"]
[EventRounds "5"]
[EventCountry "SCO"]
[SourceTitle "EXT 2006"]
[Source "ChessBase"]
[SourceDate "2005.11.24"]
[SourceVersion "1"]
[SourceVersionDate "2005.11.24"]
[SourceQuality "1"]

1. d4 d5 2. c4 e6 3. Nc3 c6 4. cxd5 exd5 5. Bf4 Bf5 6. e3 Bd6 7. Qb3 Bxf4 8. exf4 Qb6 9. Nf3 Na6 10. Qxb6 axb6 11. Kd2 f6 12. Nh4 Ne7 13. Re1 Bd7 14. Bd3 Kf7 15. a3 Nc7 16. Re2 b5 17. Rhe1 Rae8 18. a4 b4 19. Na2 g6 20. g3 Ne6 1/2-1/2

[Event "SCO-ch"]
[Site "Edinburgh"]
[Date "2003.04.13"]
[Round "9"]
[White "MacDonald, Christopher"]
[Black "Spencer, Edwin A"]
[Result "1/2-1/2"]
[WhiteElo "2019"]
[BlackElo "2197"]
[PlyCount "41"]
[EventDate "2003.04.05"]
[EventType "swiss"]
[EventRounds "9"]
[EventCountry "SCO"]
[SourceTitle "CBM 093 Extra"]
[Source "ChessBase"]
[SourceDate "2003.05.09"]
[SourceVersion "1"]
[SourceVersionDate "2003.05.09"]
[SourceQuality "1"]

1. c4 f5 2. g3 Nf6 3. Bg2 g6 4. Nc3 Bg7 5. d3 d6 6. e4 Nc6 7. Nge2 0-0 8. 0-0 e5 9. h3 Ne7 10. Be3 c6 11. f4 Be6 12. Qc2 fxe4 13. Nxe4 Nf5 14. Bf2 Nxe4 15. dxe4 Nd4 16. Bxd4 exd4 17. Qd3 c5 18. f5 Bf7 19. g4 Be5 20. Nf4 Qg5 21. Nd5 1/2-1/2

[Event "SCO-ch"]
[Site "Edinburgh"]
[Date "2003.04.08"]
[Round "4"]
[White "Grant, Alan"]
[Black "MacDonald, Christopher"]
[Result "1-0"]
[WhiteElo "2271"]
[BlackElo "2019"]
[PlyCount "101"]
[EventDate "2003.04.05"]
[EventType "swiss"]
[EventRounds "9"]
[EventCountry "SCO"]
[SourceTitle "CBM 093 Extra"]
[Source "ChessBase"]
[SourceDate "2003.05.09"]
[SourceVersion "1"]
[SourceVersionDate "2003.05.09"]
[SourceQuality "1"]

1. Nf3 d5 2. e3 Nf6 3. b3 c5 4. Bb2 Nc6 5. Bb5 a6 6. Bxc6+ bxc6 7. Ne5 Qc7 8. 0-0 e6 9. f4 Bd6 10. d3 0-0 11. Nd2 Nd7 12. Qh5 g6 13. Ng4 d4 14. Qh4 h5 15. Nf6+ Nxf6 16. Qxf6 Be7 17. Qe5 Qxe5 18. fxe5 Bg5 19. Nc4 Bxe3+ 20. Nxe3 dxe3 21. Ba3 Rd8 22. Bxc5 Rd5 23. d4 a5 24. a4 Ba6 25. c4 Rd7 26. Rae1 Rb7 27. Rxe3 Rab8 28. Rff3 Kg7 29. h4 Kg8 30. Kh2 Kg7 31. Kh3 Rd8 32. Bd6 Re8 33. Rf4 Rh8 34. Kg3 Re8 35. Kf2 Rd8 36. Ke1 Re8 37. Kd2 Rd8 38. Kc3 Rc8 39. Re1 Rb6 40. Ref1 Rb7 41. Rb1 Rb6 42. Rf2 Rb7 43. Rfb2 Rd8 44. g3 Kh6 45. b4 axb4+ 46. Rxb4 Ra7 47. Rb8 Rxb8 48. Rxb8 Rd7 49. Kb4 f6 50. exf6 g5 51. Kc5 1-0

[Event "SCO-ch"]
[Site "Edinburgh"]
[Date "2003.04.07"]
[Round "3"]
[White "MacDonald, Christopher"]
[Black "Redpath, Joseph"]
[Result "1/2-1/2"]
[WhiteElo "2019"]
[BlackElo "2193"]
[PlyCount "83"]
[EventDate "2003.04.05"]
[EventType "swiss"]
[EventRounds "9"]
[EventCountry "SCO"]
[SourceTitle "CBM 093 Extra"]
[Source "ChessBase"]
[SourceDate "2003.05.09"]
[SourceVersion "1"]
[SourceVersionDate "2003.05.09"]
[SourceQuality "1"]

1. c4 b6 2. Nc3 Bb7 3. e4 e6 4. g3 c5 5. Bg2 Nc6 6. Nge2 d6 7. 0-0 Nge7 8. d3 g6 9. f4 Bg7 10. h3 0-0 11. g4 f5 12. Ng3 Nd4 13. g5 Qd7 14. h4 a6 15. Rb1 b5 16. b3 Rfd8 17. Bb2 d5 18. e5 dxc4 19. dxc4 Bxg2 20. Kxg2 Qc6+ 21. Kh3 bxc4 22. bxc4 Rab8 23. Ba3 Rxb1 24. Qxb1 Nc8 25. Qb8 Bf8 26. Rb1 Qf3 27. Qc7 Qxc3 28. Rb3 Nxb3 29. Qxd8 Ne7 30. axb3 Qxb3 31. Bxc5 Kf7 32. Bxe7 Bxe7 33. Qh8 Qxc4 34. Qxh7+ Ke8 35. Qxg6+ Kd7 36. Nxf5 Qf1+ 37. Kg3 Qd3+ 38. Kg4 Qe2+ 39. Kh3 Qf1+ 40. Kg3 Qd3+ 41. Kg4 Qe2+ 42. Kg3 1/2-1/2

[Event "West of Scotland-ch"]
[Site "Clarkston"]
[Date "2002.05.26"]
[Round "4"]
[White "MacDonald, Christopher"]
[Black "Rigg, Gordon"]
[Result "1/2-1/2"]
[WhiteElo "1735"]
[BlackElo "1875"]
[PlyCount "35"]
[EventDate "2002.05.??"]
[EventType "swiss"]
[EventRounds "5"]
[EventCountry "SCO"]
[SourceTitle "EXT 2004"]
[Source "ChessBase"]
[SourceDate "2003.11.25"]
[SourceVersion "1"]
[SourceVersionDate "2003.11.25"]
[SourceQuality "1"]

1. c4 c5 2. g3 g6 3. Bg2 Bg7 4. Nc3 Nc6 5. e4 e5 6. Nge2 Nge7 7. d3 d6 8. 0-0 0-0 9. h3 h6 10. Kh2 Kh7 11. a3 a6 12. Rb1 Bd7 13. b4 Rb8 14. Qc2 Nd4 15. Nxd4 exd4 16. Ne2 b5 17. cxb5 axb5 18. Bb2 1/2-1/2